000 00716nas a2200253 4500
001 BR8205149
003 BR-BrBNA
005 20231205085240.0
007 ta
008 230509b bl.|||p| |||| 00| 00por d
040 _aBR-BrBNA
_bpor
_cBiblioteca Nacional de Agricultura
041 _a(Pt)
072 _aQ20
100 1 _aSerrano, A. de M.
100 1 _aSchneider, I.S.
245 1 _aA transmissao e diagnostico do botulismo
650 _aTOXICOLOGIA DE ALIMENTO
650 _aBOTULISMO
650 _aTOXINA
650 _aINTOXICACAO
773 0 _tAlimentacao (Brazil)
_xISSN 0100-9397
_g(Jan-Feb 1982), (no. 58) p. 48-50
_wBR8205149
909 _a202311
_bLúcia
_c55
_dLúcia Elande
942 _2AGRIS
_n0
_cANA
999 _c110233
_d110233